Figures de l’économie en littérature québécoise. (notice nᵒ 36170)
[ vue normale ]
| 000 -LEADER | |
|---|---|
| fixed length control field | 00563 a2200181 4500 |
| 001 - CONTROL NUMBER | |
| control field | OJ-tangence-2544 |
| 003 - CONTROL NUMBER IDENTIFIER | |
| control field | FrMaCLE |
| 005 - DATE AND TIME OF LATEST TRANSACTION | |
| control field | 20251214085739.0 |
| 007 - PHYSICAL DESCRIPTION FIXED FIELD--GENERAL INFORMATION | |
| fixed length control field | cu ||||||m|||| |
| 008 - FIXED-LENGTH DATA ELEMENTS--GENERAL INFORMATION | |
| fixed length control field | 250207e||||||||xx |||||s|||||||||0|fr|d |
| 040 ## - CATALOGING SOURCE | |
| Original cataloging agency | FR-FrMaCLE |
| 100 1# - MAIN ENTRY--PERSONAL NAME | |
| Personal name | Bélanger, David |
| 245 10 - TITLE STATEMENT | |
| Title | Figures de l’économie en littérature québécoise. |
| 260 ## - PUBLICATION, DISTRIBUTION, ETC. | |
| Date of publication, distribution, etc. | 2025 |
| 540 ## - TERMS GOVERNING USE AND REPRODUCTION NOTE | |
| Terms governing use and reproduction | All rights reserved |
| 700 1# - ADDED ENTRY--PERSONAL NAME | |
| Personal name | Lapointe, Martine-Emmanuelle |
| 856 4# - ELECTRONIC LOCATION AND ACCESS | |
| Uniform Resource Identifier | <a href="https://journals.openedition.org/tangence/2544">https://journals.openedition.org/tangence/2544</a> |
| Link text | Figures de l’économie en littérature québécoise |
Pas d'exemplaire disponible.
